000 00334nam a2200133 a 4500
005 20140412111237.0
008 100122s19uu xx 00 eng d
020 _a1-84322-077-6
050 _aREF 423.1
_bIl6 2001
245 _aIllustrated Thesaurus.
260 _aItaly :
_bIsland books,
_c2001.
300 _a255p.
999 _c102528
_d102528